000 00312 a2200145 4500
001 164183
020 _a
040 _cMagnum
100 _a-
240 1 0 _aOs pensadores: a republica de platao
_lpor
245 1 0 _aOs pensadores: a republica de platao
362 0 _a1899
697 _aFILOSOFIA
942 _cBK
999 _c164183
_d164183